000 00462nmm a2200145Ia 4500
008 251105s9999||||xx |||||||||||||||||und||
041 _aspa
100 _aRelimpio Astolfi, Federico
245 0 _aKOL Líder de opinión
264 _a[Madrid, España] :
_bAnantes Gestoría Cultural,
_c[Fecha de publicación no identificada]
300 _a0 páginas
650 _aSpanish narrative
856 _uhttps://public.digitaliapublishing.com/a/84010
942 _cCF
999 _c103957
_d103957